[Event "AUTO-INT-3915"]
[Site "http://www.queenalice.com/game.php?id=1851774"]
[Date "2025.2.8"]
[Round "1"]
[White "flanny"]
[Black "NickThorp"]
[Result "0-1"]
[WhiteElo "1621"]
[BlackElo "1529"]

1. e4 e5 2. Nc3 Nf6 3. Nf3 Nc6 4. Bc4 Bc5 5. Ng5 d5 6. Bxd5 Nxd5 7. Nxd5 O-O 8.
Nf3 Bg4 9. h3 Be6 10. c3 h6 11. d4 exd4 12. cxd4 Bb6 13. O-O Ne7 14. Bf4 Nxd5
15. exd5 Bxd5 16. Rc1 Qf6 17. Bg3 Rfe8 18. Ne5 Re7 19. Re1 Rae8 20. b4 a5 21. b5
c6 22. bxc6 bxc6 23. Qd3 Bc7 24. Qd2 Bxe5 25. dxe5 Qe6 26. Qxa5 Qf5 27. a4 Kh7
28. Qd2 g5 29. h4 gxh4 30. Bf4 Kg6 31. Rc3 f6 32. Bxh6 Rxe5 33. Rxe5 Rxe5 34.
Bf4 Re4 35. Rf3 Rxa4 36. Rh3 Rxf4 37. Kh2 Rxf2 0-1

[Event "AUTO-INT-3915"]
[Site "http://www.queenalice.com/game.php?id=1851775"]
[Date "2025.2.8"]
[Round "1"]
[White "NickThorp"]
[Black "flanny"]
[Result "0-1"]
[WhiteElo "1563"]
[BlackElo "1628"]

1. e4 e5 2. Nf3 Nc6 3. Bb5 Nd4 4. Nxd4 exd4 5. d3 a6 6. Ba4 b5 7. Bb3 d6 8. h3
b4 9. Bd2 a5 10. Ba4+ Bd7 11. Bxd7+ Qxd7 12. O-O Be7 13. a3 bxa3 14. Rxa3 d5 15.
exd5 Qxd5 16. Qf3 c6 17. Qxd5 cxd5 18. Bxa5 Nh6 19. Re1 Nf5 20. Bb4 Rxa3 21.
Nxa3 Kd7 22. Bxe7 Nxe7 23. Nb5 Nc6 24. c3 dxc3 25. Nxc3 Kd6 26. b3 Rb8 27. Rb1
Ke5 28. Ne2 d4 29. f3 f5 30. f4+ Kd5 31. g4 Re8 32. Kf2 Re3 33. gxf5 Rxd3 34.
Kg2 Nb4 35. h4 Ke4 36. Rb2 Kxf5 37. h5 Ke4 38. Kf2 Rh3 39. Rd2 d3 40. Ng1 Rh2+
41. Ke1 Nc2+ 42. Kd1 Rh1 43. Rg2 Ne3+ 44. Kd2 Nxg2 45. Ne2 dxe2 46. Kxe2 Kxf4
47. Kf2 Ne3 48. b4 Nd5 49. b5 Rxh5 0-1

[Event "AUTO-INT-3915"]
[Site "http://www.queenalice.com/game.php?id=1851784"]
[Date "2025.2.8"]
[Round "1"]
[White "Ruusgugg"]
[Black "NickThorp"]
[Result "1-0"]
[WhiteElo "1320"]
[BlackElo "1584"]

1. g4 d5 2. e3 e5 3. h4 Nc6 4. f4 e4 5. d3 exd3 6. cxd3 Bc5 7. g5 h6 8. Qh5 g6
9. Qd1 h5 10. d4 Bb4+ 11. Nd2 Bg4 12. Ne2 Bxe2 13. Bxe2 Nge7 14. a3 Ba5 15. b4
Bb6 16. e4 dxe4 17. Nb3 Qd5 18. Rh3 Nf5 19. b5 Na5 20. Nd2 Nxd4 21. Bf1 e3 22.
Rxe3+ Ne6 23. Re5 Qd4 24. Ra2 Qxf4 25. Re4 Qg3+ 26. Ke2 O-O-O 27. Qc2 Qf2+ 28.
Kd1 Qxf1+ 29. Re1 Qf3+ 30. Re2 Qg4 31. Bb2 Bd4 32. Bc3 Bxc3 33. Qxc3 Rhe8 34. b6
axb6 35. Rc2 Qxh4 36. Rxe6 Rxe6 37. Qxc7# 1-0

[Event "AUTO-INT-3915"]
[Site "http://www.queenalice.com/game.php?id=1851785"]
[Date "2025.2.8"]
[Round "1"]
[White "NickThorp"]
[Black "Ruusgugg"]
[Result "1-0"]
[WhiteElo "1553"]
[BlackElo "1377"]

1. e4 g5 2. d4 e6 3. e5 f5 4. exf6 Qxf6 5. Nf3 g4 6. Ne5 h5 7. Be3 d6 8. Nc4 d5
9. Ne5 Nd7 10. Nxd7 Bxd7 11. Nc3 Bd6 12. Bb5 c6 13. Ba4 b5 14. Bb3 a5 15. a3 e5
16. dxe5 Bxe5 17. Qd3 a4 18. Ba2 O-O-O 19. Bb6 Bf5 20. Qe2 Re8 21. O-O-O Bf4+
22. Be3 Bxe3+ 23. fxe3 Rh7 24. Rhf1 Re5 25. g3 Qg5 26. Kb1 Rxe3 27. Qg2 Qg6 28.
Rf4 Bxc2+ 29. Qxc2 Qg7 30. Rdf1 Rf3 31. R4xf3 gxf3 32. Rxf3 Rh6 33. Qf5+ Kb7 34.
Qf7+ Qxf7 35. Rxf7+ Kb6 36. Rg7 Nf6 37. h4 d4 38. Nd1 d3 39. Kc1 Ne4 40. Re7 d2+
41. Kc2 Nxg3 42. Kxd2 Rd6+ 43. Kc2 Rd4 44. Re3 Nf5 45. Rh3 b4 46. axb4 Rxb4 47.
Kc3 Rd4 48. Rd3 Rxh4 49. Be6 Ne7 50. Ne3 Rb4 51. Kxb4 1-0

[Event "AUTO-OPEN-4575"]
[Site "http://www.queenalice.com/game.php?id=1851880"]
[Date "2025.2.11"]
[Round "1"]
[White "NickThorp"]
[Black "Carlos19"]
[Result "1-0"]
[WhiteElo "1562"]
[BlackElo "1600"]

1. e4 e5 2. Nf3 Nc6 3. Bb5 a6 4. Ba4 Bc5 5. Bxc6 bxc6 6. O-O d6 7. d3 h6 8. h3
Nf6 9. Be3 Bxe3 10. fxe3 O-O 11. Nc3 Bb7 12. a3 c5 13. b4 cxb4 14. axb4 c5 15.
bxc5 dxc5 16. Nxe5 Nh5 17. Qxh5 f6 18. Ng6 Qe8 19. g4 a5 20. e5 fxe5 21. Nxe5
Rxf1+ 22. Rxf1 Qxh5 23. gxh5 Re8 24. Nd7 Rxe3 25. Nxc5 Bc8 26. Nd5 Rxh3 27. Nf4
Rg3+ 28. Kf2 Rg4 29. Ke1 Kh7 30. Kd2 Kg8 31. Kc3 Kh7 32. Kb3 Rg3 33. Ka4 Kg8 34.
Ne4 Rg4 35. Ng6 Rg2 36. Ne7+ Kh7 37. Nxc8 Rxc2 38. Ncd6 Ra2+ 39. Kb3 Rh2 40. Rf5
g6 41. Rf7+ Kg8 42. Nf6+ Kh8 43. hxg6 Rg2 44. g7+ Rxg7 45. Rf8+ Rg8 46. Nxg8 Kg7
47. Ra8 h5 48. Ne7 h4 49. Nef5+ Kf6 50. Nxh4 Ke5 51. Ne4 Kd4 52. Kc2 Ke3 53.
Rxa5 Kf4 54. Ng6+ Kf3 55. Rf5+ Kg4 56. Ra5 Kf3 57. Kd2 Kg4 58. Rg5+ Kf3 59. Rg3#
1-0

[Event "AUTO-OPEN-4575"]
[Site "http://www.queenalice.com/game.php?id=1851881"]
[Date "2025.2.11"]
[Round "1"]
[White "Carlos19"]
[Black "NickThorp"]
[Result "1-0"]
[WhiteElo "1608"]
[BlackElo "1567"]

1. e4 e5 2. Nf3 Nc6 3. Bc4 Bc5 4. b3 d6 5. d3 Bg4 6. h3 Bh5 7. g4 Bg6 8. Nc3 Qf6
9. Nd5 Qd8 10. a4 Nd4 11. a5 Bb4+ 12. Bd2 Bxd2+ 13. Nxd2 Qd7 14. b4 O-O-O 15. c3
Nc6 16. f4 h6 17. f5 Bh7 18. b5 Nce7 19. Nb3 Nxd5 20. Bxd5 g6 21. fxg6 Bxg6 22.
b6 axb6 23. a6 c6 24. a7 Kc7 25. a8=Q Rxa8 26. Rxa8 cxd5 27. exd5 Qb5 28. c4
Qb4+ 29. Ke2 b5 30. cxb5 Qxb5 31. Ra5 Qb6 32. Qc2+ Kd7 33. Rb1 Ke7 34. Qc4 Nf6
35. Rb5 Qa7 36. Qc7+ Kf8 37. Rxb7 Qa8 38. Rb8+ Kg7 39. Rxa8 Rxa8 40. Qxd6 Re8
41. Rf1 Nxg4 42. hxg4 h5 43. g5 Rf8 44. Qxe5+ Kh7 45. Qe7 Kg7 46. Nd4 Kg8 47. d6
f5 48. Ne6 Rf7 49. Qe8+ Kh7 50. Nf8+ Kg7 51. Nxg6 Kxg6 52. Rg1 f4 53. d7 1-0

[Event "AUTO-OPEN-4575"]
[Site "http://www.queenalice.com/game.php?id=1851882"]
[Date "2025.2.11"]
[Round "1"]
[White "NickThorp"]
[Black "Takeda"]
[Result "0-1"]
[WhiteElo "1569"]
[BlackElo "2041"]

1. e4 g6 2. d4 Bg7 3. e5 d6 4. Nf3 dxe5 5. d5 Bg4 6. h3 Bf5 7. Bb5+ c6 8. Bd3 e4
9. Bxe4 Bxe4 10. dxc6 Qxd1+ 11. Kxd1 Bxf3+ 12. gxf3 Nxc6 13. Bf4 Bxb2 14. c3
Bxa1 15. Kc2 Nf6 16. Na3 Bxc3 17. Kxc3 Nd5+ 18. Kb2 Nxf4 19. Nc4 Nd4 20. Ne3
Nxf3 21. h4 Rc8 22. Rd1 e6 23. Ka1 Nxh4 24. Rd4 Nhg2 25. Nd1 Ke7 26. Ne3 Nxe3
27. Rxf4 Rc2 28. Kb1 Nd5 29. Rxf7+ Kxf7 30. Kxc2 Rc8+ 31. Kb2 h5 0-1

[Event "AUTO-OPEN-4575"]
[Site "http://www.queenalice.com/game.php?id=1851883"]
[Date "2025.2.11"]
[Round "1"]
[White "Takeda"]
[Black "NickThorp"]
[Result "1-0"]
[WhiteElo "2138"]
[BlackElo "1508"]

1. e4 e5 2. Nf3 Nc6 3. d4 exd4 4. Nxd4 Nxd4 5. Qxd4 d6 6. Bc4 c5 7. Qd1 h6 8.
O-O Nf6 9. e5 dxe5 10. Bxf7+ Kxf7 11. Qxd8 Be7 12. Qxh8 1-0

[Event "AUTO-OPEN-4577"]
[Site "http://www.queenalice.com/game.php?id=1852502"]
[Date "2025.2.20"]
[Round "1"]
[White "NickThorp"]
[Black "game"]
[Result "1/2-1/2"]
[WhiteElo "1535"]
[BlackElo "1446"]

1. e4 e5 2. Nf3 d6 3. Bb5+ Nc6 4. d3 Qf6 5. Bg5 Qg6 6. h3 Bd7 7. Nc3 Be7 8. Bxe7
Ncxe7 9. Bxd7+ Kxd7 10. O-O Nf6 11. Nh4 Qg5 12. Qf3 Raf8 13. Nf5 Nxf5 14. exf5
c6 15. Ne4 Nxe4 16. dxe4 Qd2 17. Rac1 h5 18. Rfd1 Qg5 19. c4 c5 20. a4 Qh4 21.
b3 g5 22. Qg3 Qxe4 23. f6 Qf5 24. Qf3 Qxf3 25. gxf3 Ke6 26. Rd5 Rd8 27. Rcd1
Kxf6 28. Rxd6+ Ke7 29. R6d5 f6 30. Rxd8 Rxd8 31. Rxd8 Kxd8 1/2-1/2

[Event "AUTO-OPEN-4577"]
[Site "http://www.queenalice.com/game.php?id=1852529"]
[Date "2025.2.20"]
[Round "1"]
[White "silverado"]
[Black "NickThorp"]
[Result "1-0"]
[WhiteElo "2006"]
[BlackElo "1565"]

1. e4 e5 2. Nf3 Nc6 3. a3 a6 4. Nc3 Bc5 5. Nd5 d6 6. h3 Nge7 7. Bc4 Nxd5 8. exd5
Nd4 9. Nxd4 Bxd4 10. c3 O-O 11. cxd4 exd4 12. O-O Bf5 13. d3 Qf6 14. Qf3 b5 15.
Ba2 Rfe8 16. b4 h6 17. Bb2 Re7 18. Rfe1 Rxe1+ 19. Rxe1 Kf8 20. Bb1 Re8 21. Rxe8+
Kxe8 22. Bc2 Kf8 23. a4 bxa4 24. Bxa4 Kg8 25. Bc6 Kf8 26. Bxd4 Qg5 27. Be3 Qf6
28. d4 Kg8 29. g4 Bg6 30. Qxf6 gxf6 31. Bxh6 Kh7 32. g5 fxg5 33. Bxg5 Bf5 34. h4
Kg6 35. Bb7 Be4 36. Bd8 c5 37. dxc6 Bxc6 38. Bxc6 Kh5 39. d5 f5 40. Kg2 Kg4 41.
f3+ Kh5 42. Kg3 Kg6 43. Kf4 1-0

[Event "AUTO-OPEN-4577"]
[Site "http://www.queenalice.com/game.php?id=1852530"]
[Date "2025.2.20"]
[Round "1"]
[White "NickThorp"]
[Black "silverado"]
[Result "0-1"]
[WhiteElo "1531"]
[BlackElo "1988"]

1. e4 e5 2. Nf3 Nc6 3. Bb5 Qf6 4. O-O Bd6 5. d3 Nge7 6. Bg5 Qg6 7. Nc3 Nd4 8.
Nxd4 exd4 9. Bxe7 Bxe7 10. Nd5 Bd6 11. Qf3 c6 12. Nf4 Bxf4 13. Qxf4 cxb5 14.
Qe5+ Kd8 15. Qxd4 Re8 16. h3 d6 17. a4 bxa4 18. Rxa4 b6 19. e5 Rxe5 20. g4 Bb7
21. b3 h5 22. f3 Re2 23. c4 hxg4 24. fxg4 Rg2+ 25. Kh1 Rxg4+ 26. Kh2 Rxd4 27.
Raa1 Qg2# 0-1

[Event "AUTO-INT-3897"]
[Site "http://www.queenalice.com/game.php?id=1852563"]
[Date "2025.2.21"]
[Round "2"]
[White "NickThorp"]
[Black "bdpq"]
[Result "0-1"]
[WhiteElo "1592"]
[BlackElo "1630"]

1. e4 d5 2. e5 Nc6 3. d4 e6 4. Nf3 g6 5. Bb5 Bd7 6. Bg5 Be7 7. Bxe7 Ngxe7 8. O-O
a6 9. Ba4 O-O 10. Nc3 Nf5 11. Bb3 Na5 12. Qd3 Nxb3 13. axb3 b5 14. b4 c6 15. Ng5
Qxg5 16. Qf3 a5 17. bxa5 Qd2 18. Qd3 Qxd3 19. cxd3 Nxd4 20. b4 Nc2 21. Rac1 Nxb4
22. d4 Rxa5 23. Ra1 Rxa1 24. Rxa1 f6 25. exf6 Rxf6 26. Ra8+ Kg7 27. Rd8 Rf7 28.
h3 e5 29. dxe5 Nd3 30. e6 Bxe6 31. f3 b4 32. Na2 b3 33. Nc3 b2 34. Kf1 d4 35.
Rxd4 Nc1 36. Rd1 Rd7 37. Rxd7+ Bxd7 38. Ke1 Na2 39. Nb1 Bf5 40. Kd2 Bxb1 41. Kd1
Bf5 0-1

[Event "AUTO-INT-3897"]
[Site "http://www.queenalice.com/game.php?id=1852564"]
[Date "2025.2.21"]
[Round "2"]
[White "bdpq"]
[Black "NickThorp"]
[Result "1-0"]
[WhiteElo "1651"]
[BlackElo "1578"]

1. e4 e5 2. d4 exd4 3. Qxd4 Nc6 4. Qd3 d6 5. Bf4 Be6 6. Nc3 Nf6 7. Bg5 Be7 8.
O-O-O Ne5 9. Qb5+ Bd7 10. Qxb7 Bc6 11. Qa6 O-O 12. Bf4 Ned7 13. Qxc6 Ng4 14. Rd2
Nde5 15. Qa4 h6 16. h3 Nf6 17. Bxe5 dxe5 18. Rxd8 Rfxd8 19. Bd3 Rd4 20. Qc6 Rc8
21. Nf3 Rd6 22. Qb7 Rdd8 23. Nxe5 Bd6 24. Nc6 Re8 25. Nxa7 Rb8 26. Qc6 Ra8 27.
Nab5 Rac8 28. Re1 Kh8 29. Nxd6 cxd6 30. Qxd6 Red8 31. Qe7 Rd7 32. Qb4 Rcd8 33.
g4 Rd4 34. Qb3 Kg8 35. e5 Ne8 36. Bc4 R8d7 37. e6 Re7 38. exf7+ Kf8 39. Rxe7
Kxe7 40. Qb4+ Nd6 41. Qc5 Rf4 42. Qe5+ 1-0

[Event "AUTO-INT-3918"]
[Site "http://www.queenalice.com/game.php?id=1852632"]
[Date "2025.2.22"]
[Round "1"]
[White "NickThorp"]
[Black "game"]
[Result "1-0"]
[WhiteElo "1553"]
[BlackElo "1498"]

1. e4 e5 2. Nf3 d6 3. Bb5+ Nc6 4. h3 Bd7 5. d3 Nb4 6. Bxd7+ Qxd7 7. Bd2 a5 8. a3
Na6 9. O-O Nc5 10. Nc3 f5 11. exf5 Qxf5 12. Nd5 O-O-O 13. b4 axb4 14. axb4 Ne6
15. Ra8+ Kd7 16. Rxd8+ Kxd8 17. Ne3 Qf6 18. Nd5 Qf7 19. c4 g5 20. Bxg5+ Kd7 21.
b5 Nd4 22. Nxd4 exd4 23. Qg4+ Ke8 24. Qc8# 1-0

[Event "AUTO-INT-3918"]
[Site "http://www.queenalice.com/game.php?id=1852633"]
[Date "2025.2.22"]
[Round "1"]
[White "game"]
[Black "NickThorp"]
[Result "0-1"]
[WhiteElo "1524"]
[BlackElo "1580"]

1. e4 e5 2. Qf3 Nf6 3. Nc3 Bc5 4. Qg3 O-O 5. Nd5 Nxd5 6. exd5 d6 7. Nf3 e4 8.
Ng5 h6 9. Nh3 Bxh3 10. gxh3 c6 11. b4 Bd4 12. c3 Be5 13. f4 Bf6 14. Bb2 cxd5 15.
Bg2 Nd7 16. f5 Ne5 17. O-O-O Bh4 18. Qf4 Bg5 19. Qg3 b5 20. h4 Bf6 21. d4 exd3
22. Bxd5 Rc8 23. Bb7 Rb8 24. Be4 Bxh4 25. Qf4 Bg5 26. Qxg5 Qxg5+ 27. Rd2 Rfe8
28. a3 d5 29. Bxd5 Red8 30. c4 bxc4 31. Bxe5 Rxd5 32. Bxb8 a6 33. h4 Qxf5 34.
Rg1 Qc8 35. Bf4 Kh7 36. Rdg2 g6 37. h5 g5 38. Be3 f6 39. Kd2 Qf5 40. Rd1 Qf3 41.
Rf2 Qxh5 42. Rxf6 Qh2+ 43. Kc3 Qc2# 0-1

[Event "AUTO-OPEN-4582"]
[Site "http://www.queenalice.com/game.php?id=1853963"]
[Date "2025.3.15"]
[Round "1"]
[White "NickThorp"]
[Black "josebaron"]
[Result "1/2-1/2"]
[WhiteElo "1550"]
[BlackElo "2228"]

1. e4 e5 2. Nf3 Nc6 3. Bb5 d6 4. h3 Be7 5. d3 Nf6 6. Bg5 O-O 7. Nc3 h6 8. Bh4 a6
9. Bxc6 bxc6 10. O-O a5 11. a4 Nh5 12. Bxe7 Qxe7 13. b3 f5 14. exf5 Rxf5 15. Ne4
d5 16. Ng3 Nxg3 17. fxg3 e4 18. dxe4 dxe4 19. Nd4 Rxf1+ 20. Qxf1 Ba6 21. Qf2 e3
22. Qe1 e2 23. c4 Qe3+ 24. Qf2 Qc3 25. Rb1 Rf8 26. Qxe2 Qxd4+ 27. Kh2 Bc8 28.
Rd1 Qc5 29. Qd3 Qf2 1/2-1/2

[Event "AUTO-OPEN-4582"]
[Site "http://www.queenalice.com/game.php?id=1853964"]
[Date "2025.3.15"]
[Round "1"]
[White "josebaron"]
[Black "NickThorp"]
[Result "1-0"]
[WhiteElo "2174"]
[BlackElo "1553"]

1. e4 e5 2. Nf3 Nc6 3. Bb5 a6 4. Bxc6 dxc6 5. d3 Bg4 6. Nbd2 Bb4 7. c3 Bc5 8. h3
Bh5 9. g4 Bg6 10. Nxe5 Ne7 11. h4 h6 12. d4 Bd6 13. Nxg6 Nxg6 14. e5 Be7 15. h5
Nf4 16. Qf3 Nd5 17. Ne4 Qd7 18. Bd2 O-O-O 19. Qxf7 Rdf8 20. e6 Qd8 21. Qxg7 Bf6
22. Nxf6 Rxf6 23. Qd7+ Qxd7 24. exd7+ Kxd7 25. O-O Rhf8 26. c4 Ne7 27. Rae1 Rf4
28. Bxf4 Rxf4 29. f3 b6 30. Re4 Rxe4 31. fxe4 Kd6 32. Rf6+ Kd7 33. Rxh6 a5 34.
a4 Ng8 35. Rh7+ Ne7 36. g5 Ke6 37. Kf2 Kd6 38. Ke3 c5 39. d5 Kd7 40. g6 Ke8 41.
Rh8+ Kd7 42. g7 1-0

[Event "AUTO-OPEN-4582"]
[Site "http://www.queenalice.com/game.php?id=1853965"]
[Date "2025.3.15"]
[Round "1"]
[White "NickThorp"]
[Black "askasl159"]
[Result "0-1"]
[WhiteElo "1555"]
[BlackElo "1946"]

1. e4 e5 2. Nf3 Nc6 3. Bb5 Nge7 4. O-O a6 5. Ba4 g6 6. d3 Bg7 7. Bg5 O-O 8. Nc3
b5 9. Bb3 Bb7 10. Bd5 Re8 11. a4 b4 12. Na2 a5 13. c3 bxc3 14. Nxc3 h6 15. Bxe7
Rxe7 16. Qb3 Ba6 17. Nb5 Rb8 18. Bc4 Nb4 19. Rac1 c6 20. Nd6 Bxc4 21. Nxc4 d5
22. exd5 cxd5 23. Ncd2 e4 24. dxe4 dxe4 25. Rfe1 Nd3 26. Rc3 Rxb3 27. Nxb3 Nxe1
28. Nxe1 Bxc3 29. Nc2 Qd1+ 0-1

[Event "AUTO-INT-3923"]
[Site "http://www.queenalice.com/game.php?id=1854067"]
[Date "2025.3.17"]
[Round "1"]
[White "NickThorp"]
[Black "Daniel1962"]
[Result "0-1"]
[WhiteElo "1564"]
[BlackElo "1743"]

1. e4 e5 2. Nf3 d6 3. Bb5+ Bd7 4. Bxd7+ Nxd7 5. O-O Ngf6 6. d3 Nc5 7. Bg5 Be7 8.
Nc3 h6 9. Bh4 Ng4 10. h3 Bxh4 11. hxg4 g5 12. g3 Qd7 13. Nxh4 gxh4 14. gxh4
O-O-O 15. f3 Rdg8 16. Nd5 h5 17. g5 Ne6 18. Nf6 Qb5 19. Nxg8 Rxg8 20. Qd2 f6 21.
c4 Qc5+ 22. Kg2 fxg5 23. hxg5 Rxg5+ 24. Kh3 Nf4+ 25. Kh4 Rg2 26. Qd1 d5 27. cxd5
Qe7# 0-1

[Event "AUTO-INT-3925"]
[Site "http://www.queenalice.com/game.php?id=1855035"]
[Date "2025.4.5"]
[Round "1"]
[White "Ruusgugg"]
[Black "NickThorp"]
[Result "1-0"]
[WhiteElo "1316"]
[BlackElo "1556"]

1. e4 e5 2. b3 Nf6 3. Bb2 Nc6 4. c3 Bd6 5. b4 a6 6. a4 O-O 7. g4 Nxe4 8. f3 Nf6
9. g5 Nh5 10. h4 Nf4 11. Qc2 b5 12. axb5 Nb8 13. Qe4 Ra7 14. c4 axb5 15. Rxa7
Nc6 16. Ra8 Bxb4 17. cxb5 Ne7 18. Nh3 Bd6 19. Nxf4 exf4 20. Bd3 g6 21. Qd4 f6
22. gxf6 Nf5 23. Bxf5 gxf5 24. f7+ Rxf7 25. Qh8# 1-0

[Event "AUTO-INT-3925"]
[Site "http://www.queenalice.com/game.php?id=1855036"]
[Date "2025.4.5"]
[Round "1"]
[White "NickThorp"]
[Black "Ruusgugg"]
[Result "1-0"]
[WhiteElo "1549"]
[BlackElo "1323"]

1. e4 b6 2. d4 c5 3. dxc5 bxc5 4. Nc3 e5 5. Bc4 Nf6 6. Bg5 Be7 7. Nd5 Nxd5 8.
Bxd5 Nc6 9. Bxe7 Qxe7 10. Nf3 Rb8 11. O-O Ba6 12. c4 Rxb2 13. a3 Na5 14. Rb1 Ra2
15. Rb8+ Qd8 16. Rxd8+ Kxd8 17. Nxe5 Re8 18. Nxf7+ Kc8 19. Nd6+ Kd8 20. Nxe8
Kxe8 21. Qa4 Bxc4 22. Qxa5 Bxf1 23. Bxa2 1-0